NCAA Division I Basketball Cities - Statistics

General Stats
  • This quiz has been taken 850 times
    293 since last reset
  • The average score is 242 of 365
Answer Stats
Hint Answer % Correct
Boston University {Boston}, MA
92%
Northeastern Boston, MA
92%
Charlotte {Charlotte}, NC
92%
Queens Charlotte, NC
92%
Houston | Houston Christian {Houston}, TX
92%
Rice | Texas Southern Houston, TX
92%
UC San Diego {La} {Jolla}, CA
92%
Drexel | La Salle | Penn | +2 others Philadelphia, PA
92%
Duquesne Pittsburgh, PA
92%
Pittsburgh {Pittsburgh}, PA
92%
San Diego | San Diego State {San} {Diego}, CA
92%
UAB Birmingham, AL
91%
Fordham Bronx, NY
91%
Xavier Cincinnati, OH
91%
Cincinnati {Cinncinnati}, OH
91%
LMU | UCLA | USC Los Angeles, CA
91%
Bellarmine Louisville, KY
91%
Louisville {Louisville}, KY
91%
UIW | UTSA San Antonio, TX
91%
Alabama Tuscaloosa, AL
91%
Georgia State | Georgia Tech Atlanta, GA
90%
Chicago State | Loyola Chicago {Chicago}, IL
90%
DePaul | UIC Chicago, IL
90%
Jackson State {Jackson}, MS
90%
New Orleans {New} {Orleans}, LA
90%
Tulane New Orleans, LA
90%
Brown Providence, RI
90%
Providence {Providence}, RI
90%
St. John's Queens, NY
90%
LSU | Southern Baton Rouge, LA
89%
Ohio State Columbus, OH
89%
Duke | North Carolina Central Durham, NC
89%
New Hampshire Durham, NH
89%
Belmont | Lipscomb | Tennessee State | Vanderbilt Nashville, TN
89%
Columbia New York, NY
89%
Manhattan Riverdale, NY
89%
Notre Dame South Bend, IN
89%
Wagner Staten Island, NY
89%
Oral Roberts Tulsa, OK
89%
Tulsa {Tulsa}, OK
89%
American | George Washington | Georgetown | Howard Washington, DC
89%
Buffalo {Amherst}, NY
88%
Texas Austin, TX
88%
TCU Fort Worth, TX
88%
Wisconsin Madison, WI
88%
NC State Raleigh, NC
88%
San Jose State {San} {Jose}, CA
88%
Michigan Ann Arbor, MI
87%
Auburn {Auburn}, AL
87%
Boise State {Boise}, ID
87%
Colorado Boulder, CO
87%
UTEP El Paso, TX
87%
Jacksonville State {Jacksonville}, AL
87%
Jacksonville {Jacksonville}, FL
87%
North Florida Jacksonville, FL
87%
Tennessee Knoxville, TN
87%
UNLV Las Vegas, NV
87%
Memphis {Memphis}, TN
87%
FIU Miami, FL
87%
Minnesota Minneapolis, MN
87%
UCF Orlando, FL
87%
Seattle {Seattle}, WA
87%
Washington Seattle, WA
87%
Florida A&M | Florida State Tallahassee, FL
87%
USF Tampa, FL
87%
Arizona Tucson, AZ
87%
Albany {Albany}, NY
86%
Georgia Athens, GA
86%
Ohio Athens, OH
86%
Eastern Illinois Charleston, IL
86%
Charleston {Charleston}, SC
86%
The Citadel Charleston, SC
86%
Dayton {Dayton}, OH
86%
Le Moyne DeWitt, NY
86%
Oregon Eugene, OR
86%
Wright State Fairborn, OH
86%
Nebraska Lincoln, NE
86%
Milwaukee {Milwaukee}, WI
86%
Charleston Southern {North} {Charleston}, SC
86%
Creighton Omaha, NE
86%
Omaha {Omaha}, NE
86%
Portland | Portland State {Portland}, OR
86%
BYU Provo, UT
86%
Utah Salt Lake City, UT
86%
Syracuse {Syracuse}, NY
86%
Baylor Waco, TX
86%
Akron {Akron}, OH
85%
North Carolina Chapel Hill, NC
85%
Texas A&M College Station, TX
85%
Kentucky Lexington, KY
85%
VMI Lexington, VA
85%
Little Rock {Little} {Rock}, AR
85%
Kansas State Manhattan, KS
85%
Marquette Milwaukee, WI
85%
Stanford Palo Alto, CA
85%
EKU Richmond, KY
85%
Richmond {Richmond}, VA
85%
VCU Richmond, VA
85%
Clemson {Clemson}, SC
84%
Denver {Denver}, CO
84%
Arkansas Fayetteville, AR
84%
Florida Gainesville, FL
84%
Hawaii Honolulu, HI
84%
Texas Tech Lubbock, TX
84%
Gonzaga Spokane, WA
84%
Toledo {Toledo}, OH
84%
Wichita State {Wichita}, KS
84%
UNCW Wilmington, NC
84%
Missouri Columbia, MO
83%
South Carolina Columbia, SC
83%
Fresno State {Fresno}, CA
83%
Butler Indianapolis, IN
83%
IU Indianapolis {Indianapolis}, IN
83%
SMU University Park, TX
83%
California Berkeley, CA
82%
Canisius Buffalo, NY
82%
Cleveland State {Cleveland}, OH
82%
ULM Monroe, LA
82%
Nevada Reno, NV
82%
Saint Louis {St.} {Louis}, MO
82%
Arizona State Tempe, AZ
82%
Army West Point, NY
82%
Navy Annapolis, MD
81%
Indiana Bloomington, IN
81%
Air Force Colorado Springs, CO
81%
Detroit Mercy {Detroit}, MI
81%
Michigan State East Lansing, MI
81%
Iowa Iowa City, IA
81%
Grand Canyon Phoenix, AZ
81%
San Francisco {San} {Francisco}, CA
81%
WKU Bowling Green, KY
80%
Bowling Green {Bowling} {Green}, OH
80%
Virginia Charlottesville, VA
80%
Louisiana Lafayette, LA
80%
Oklahoma Norman, OK
80%
Ole Miss Oxford, MS
80%
Miami Oxford, OH
80%
Wake Forest Winston-Salem, NC
80%
Maryland College Park, MD
79%
Green Bay {Green} {Bay}, WI
79%
North Carolina A&T | UNCG Greensboro, NC
79%
Sacramento State {Sacramento}, CA
79%
Illinois Urbana-Champaign, IL
79%
UC Irvine {Irvine}, CA
78%
Princeton {Princeton}, NJ
78%
Iowa State Ames, IA
77%
Coppin State | Loyola | Morgan State Baltimore, MD
77%
Kansas City {Kansas} {City}, MO
77%
Kansas Lawrence, KS
77%
Miami Coral Gables, FL
76%
New Mexico Albuquerque, NM
75%
Bakersfield {Bakersfield}, CA
75%
Virginia Tech Blacksburg, VA
75%
Chattanooga {Chattanooga}, TN
75%
Evansville {Evansville}, IN
75%
Southern Indiana Evansville, IN
75%
North Dakota State Fargo, ND
75%
Purdue Fort Wayne {Fort} {Wayne}, IN
75%
Yale New Haven, CT
75%
St. Thomas Saint Paul, MN
75%
CSUN Northridge, CA
74%
Delaware State Dover, DE
73%
California Baptist Riverside, CA
73%
UC Riverside {Riverside}, CA
73%
Oregon State Corvallis, OR
72%
Kent State {Kent}, OH
72%
Delaware Newark, DE
72%
NJIT Newark, NJ
72%
Penn State State College, PA
72%
Purdue West Lafayette, IN
72%
Northwestern Evanston, IL
71%
Cal State Fullerton {Fullerton}, CA
71%
South Alabama Mobile, AL
71%
West Virginia Morgantown, WV
71%
UAPB Pine Bluff, AR
71%
Harvard Cambridge, MA
70%
Santa Clara {Santa} {Clara}, CA
70%
Oklahoma State Stillwater, OK
70%
UNC Asheville {Asheville}, NC
69%
Vermont Burlington, VT
69%
Davidson {Davidson}, NC
69%
Colorado State Fort Collins, CO
69%
UC Santa Barbara {Isla} {Vista}, CA
69%
UMass Lowell {Lowell}, MA
69%
Alabama State Montgomery, AL
69%
Norfolk State {Norfolk}, VA
69%
Old Dominion Norfolk, VA
69%
Washington State Pullman, WA
69%
Missouri State Springfield, MO
69%
UConn Storrs, CT
69%
Troy {Troy}, AL
69%
UC Davis {Davis}, CA
68%
Drake Des Moines, IA
68%
Northern Arizona Flagstaff, AZ
68%
New Mexico State Las Cruces, NM
68%
Kennesaw State {Kennesaw}, GA
67%
Montana Missoula, MT
67%
Youngstown State {Youngstown}, OH
67%
Texas A&M-Corpus Christi {Corpus} {Christi}, TX
66%
North Texas Denton, TX
66%
Western Michigan Kalamazoo, MI
66%
Wyoming Laramie, WY
66%
UT Arlington {Arlington}, TX
65%
Montana State Bozeman, MT
65%
ECU Greenville, NC
65%
Furman Greenville, SC
65%
UMass Amherst, MA
64%
Long Beach State {Long} {Beach}, CA
64%
Idaho Moscow, ID
64%
Florida Atlantic Boca Raton, FL
63%
Appalachian State Boone, NC
63%
SIUE Edwardsville, IL
62%
Sam Houston Huntsville, TX
62%
Cornell Ithaca, NY
62%
Middle Tennessee Murfreesboro, TN
61%
Mississippi State Starkville, MS
61%
UT Martin {Martin}, TN
59%
Eastern Michigan Ypsilanti, MI
59%
Marshall Huntington, WV
58%
Ball State Muncie, IN
58%
Liberty Lynchburg, VA
57%
Valparaiso {Valparaiso}, IN
57%
Utah State Logan, UT
56%
Weber State Ogden, UT
56%
Oakland Rochester, MI
56%
St. Bonaventure {Saint} {Bonaventure}, NY
56%
Abilene Christian {Abilene}, TX
55%
Elon {Elon}, NC
55%
Southern Miss Hattiesburg, MS
54%
Arkansas State Jonesboro, AR
54%
Boston College Chestnut Hill, MA
53%
Fairfield {Fairfield}, CT
53%
Sacred Heart Fairfield, CT
53%
North Dakota Grand Forks, ND
53%
High Point {High} {Point}, NC
53%
Murray State {Murray}, KY
53%
Cal Poly San Luis Obispo, CA
53%
Texas State San Marcos, TX
53%
Central Arkansas Conway, AR
52%
Coastal Carolina Conway, SC
52%
Hampton {Hampton}, VA
51%
Indiana State Terre Haute, IN
51%
Bethune-Cookman Daytona Beach, FL
50%
Pepperdine Malibu, CA
50%
Central Michigan Mount Pleasant, MI
50%
Rutgers New Brunswick, NJ
50%
Utah Tech Saint George, UT
50%
LIU Brooklyn, NY
49%
NIU DeKalb, IL
49%
FGCU Fort Myers, FL
49%
Niagara {Lewiston}, NY
49%
Morehead State {Morehead}, KY
49%
Alabama A&M Normal, AL
49%
Illinois State Normal, IL
49%
Towson {Towson}, MD
49%
Mercer Macon, GA
48%
Northern Colorado Greeley, CO
47%
Maine Orono, ME
47%
Bradley Peoria, IL
47%
Idaho State Pocatello, ID
47%
LA Tech Ruston, LA
47%
Stony Brook {Stony} {Brook}, NY
47%
William & Mary Williamsburg, VA
47%
Holy Cross Worcester, MA
47%
Grambling {Grambling}, LA
46%
USC Upstate | Wofford Spartanburg, SC
46%
Saint Peter's Jersey City, NJ
45%
ETSU Johnson City, TN
43%
Southern Illinois Carbondale, IL
42%
George Mason Fairfax, VA
42%
James Madison Harrisonburg, VA
42%
McNeese Lake Charles, LA
41%
Prairie View A&M {Prairie} {View}, TX
41%
Georgia Southern Statesboro, GA
41%
Radford {Radford}, VA
40%
Austin Peay Clarksville, TN
39%
Mercyhurst Erie, PA
39%
Dartmouth Hanover, NH
39%
Pacific Stockton, CA
39%
SEMO Cape Girardeau, MO
37%
East Texas A&M Commerce, TX
36%
South Dakota State Brookings, SD
35%
South Dakota Vermillion, SD
35%
Utah Valley Orem, UT
34%
Lehigh Bethlehem, PA
32%
Lamar Beaumont, TX
31%
SFA Nacogdoches, TX
31%
Marist Poughkeepsie, NY
31%
Winthrop Rock Hill, SC
31%
UTRGV Edinburg, TX
30%
North Alabama Florence, AL
30%
Iona New Rochelle, NY
29%
Seton Hall South Orange, NJ
29%
Campbell Buies Creek, NC
28%
UNI Cedar Falls, IA
28%
Stetson DeLand, FL
28%
Eastern Washington Cheney, WA
27%
Rhode Island Kingston, RI
27%
Saint Mary's Moraga, CA
27%
Lindenwood Saint Charles, MO
27%
SUU Cedar City, UT
26%
Mississippi Valley State Itta Bena, MS
26%
Southeastern Louisiana Hammond, LA
25%
Western Illinois Macomb, IL
25%
South Carolina State Orangeburg, SC
25%
Stonehill Easton, MA
24%
Lafayette Easton, PA
24%
Robert Morris Moon Township, PA
24%
UMBC Catonsville, MD
23%
Tennessee Tech Cookeville, TN
23%
Hofstra Hempstead, NY
23%
Northern Kentucky Highland Heights, KY
23%
Tarleton Stephenville, TX
23%
Presbyterian Clinton, SC
22%
Northwestern State Natchitoches, LA
22%
Western Carolina Cullowhee, NC
20%
Longwood Farmville, VA
20%
Bryant Smithfield, RI
20%
Gardner-Webb Boiling Springs, NC
19%
Colgate Hamilton, NY
19%
Samford Homewood, AL
19%
Alcorn State Lorman, MS
19%
Monmouth West Long Branch, NJ
19%
West Georgia Carrollton, GA
17%
Central Connecticut New Britain, CT
17%
Nicholls Thibodaux, LA
17%
Binghamton Vestal, NY
16%
New Haven West Haven, CT
16%
Merrimack North Andover, MA
15%
Mount St. Mary's Emmitsburg, MD
14%
Quinnipiac Hamden, CT
14%
UMES Princess Anne, MD
14%
Villanova Radnor Township, PA
14%
Bucknell Lewisburg, PA
13%
Rider Lawrenceville, NJ
12%
Saint Francis Loretto, PA
12%
Fairleigh Dickinson Hackensack, NJ
11%
Siena Loudonville, NY
8%
No matching quizzes found
Score Distribution
Percent of People with Each Score
Percentile by Number Answered
Your Score History
You have not taken this quiz since the last reset